All neighborhoods of Seattle - Statistics

General Stats
  • This quiz has been taken 5 times
  • The average score is 24 of 137
Answer Stats
Answer % Correct
Ballard
75%
Downtown
75%
Fremont
75%
Green Lake
75%
Lake Union
75%
Pioneer Square
75%
Queen Anne
75%
Ravenna
75%
Wallingford
75%
Beacon Hill
50%
Capitol Hill
50%
Crown Hill
50%
Georgetown
50%
International district
50%
Laurelhurst
50%
Leschi
50%
Madison Park
50%
Magnolia
50%
Maple leaf
50%
Montlake
50%
Mount Baker
50%
Rainier Valley
50%
Seward Park
50%
West Seattle
50%
Windermere
50%
Alki Point
25%
Belltown
25%
Blue Ridge
25%
Broadmoor
25%
Broadview
25%
Bryant
25%
Columbia CIty
25%
Denny triangle
25%
Eastlake
25%
Genesse
25%
Harbor Island
25%
Harrison
25%
Hawthorne Hills
25%
Hillman City
25%
Judkins Park
25%
Lake city
25%
Lower Queen Anne
25%
Loyal Heights
25%
Madison Valley
25%
Madrona
25%
North Beacon hill
25%
Northgate
25%
North Queen Anne
25%
North Seattle
25%
Olympic hills
25%
Roosevelt
25%
Sand Point
25%
South Beacon Hill
25%
South Lake Union
25%
Stevens
25%
Sunset Hill
25%
University District
25%
Victory Heights
25%
View Ridge
25%
Wedgwood
25%
Westlake
25%
Yesler Terrace
25%
Adams
0%
Admiral District
0%
Alaska Junction
0%
Arbor Heights
0%
Atlantic
0%
Atlantic City Beach
0%
Bitter Lake
0%
Briarcliff
0%
Brighton
0%
Broadway
0%
Cascade
0%
Cedar Park
0%
Central Area
0%
Central Business district
0%
Central Seattle
0%
Central Waterfront
0%
Cherry Hill
0%
Delridge
0%
Denny-Blaine
0%
Dunlap
0%
East Queen Anne
0%
Fairmount Park
0%
Fauntleroy
0%
First Hill
0%
Gatewood
0%
Greenwood
0%
Haller Lake
0%
Highland Park
0%
High Point
0%
Holly Park
0%
Industrial District
0%
Interbay
0%
Interlaken
0%
Lakeridge
0%
Lakewood
0%
Lawton Park
0%
Licton Springs
0%
Madrona Valley
0%
Mann
0%
Maplewood
0%
Matthews Beach
0%
Meadowbrook
0%
Mee-Kwa-Mooks
0%
Mid Beacon Hill
0%
Minor
0%
New Holly
0%
North Admiral
0%
Northlake
0%
Othello
0%
Phinney ridge
0%
Pigeon Point
0%
Pike-Market
0%
Pike-Pine corridor
0%
Pine Hurst
0%
Portage bay
0%
Rainier Beach
0%
Rainier View
0%
Renton Hill
0%
Riverview
0%
Roxhill
0%
Seaview
0%
Sodo
0%
South Delridge
0%
Southeast Magnolia
0%
South end
0%
South Park
0%
Squire Park
0%
University Village
0%
Van Asselt
0%
Washington Park
0%
West Edge
0%
West Queen Anne
0%
West Seattle Junction
0%
West woodland
0%
Whittier Heights
0%
No matching quizzes found
Score Distribution
Percent of People with Each Score
Percentile by Number Answered
Your Score History
You have not taken this quiz